00554nam a22001817a 450000500170000001000150001702000260003203500140005803700130007208200080008510000200009324500780011326000400019127000390023130000380027049000230030850000410033120171116124623.0 aENG-121445 a9789325992238c495.00 aEN-104977 bDBAD/PUB a000 aKarna, Satish K aAnalog electronics :cby Satish K. KarnabGATE, PSUs and ES examination / aNew DelhibS.Chand & Company c2016 a7361, Ram NagarbNew Delhie110055 aVarious pagings :c24cm(pbk)bill aExam Sucess Series aIncludes bibliographical references